000 01127nam0a22002651 4500
001 rc\2153371
005 20250623003347.0
035 _a(NLR Aleph) 006493217
090 _a6154429
_c6154429
100 _a20110829d1979 |||y0rusy50 ca
101 0 _arus
102 _aRU
105 _ay c |||||
200 1 _aМетодические указания по разработке организационно-экономической части дипломных проектов, содержащих научные исследования прикладного характера
_fПод ред. Л.А. Глаголевой
210 _aМосква
_cБ. и.
_d1979
215 _a31 с.
_d20
300 _aВ надзаг.: М-во высш. и сред. спец. образования СССР, МВТУ им. Н.Э. Баумана
320 _aБиблиогр.: с. 23-24
700 1 _aСмирнов
_bС.В.
_gСергей Васильевич
702 1 _aГлаголева
_bЛ.А.
_4340
801 0 _aRU
_bNLR
_gpsbo
801 1 _aRU
_bELAR
_2rusmarc
852 _aNLR
_j80-4/8573
942 _cBOOK
980 _aNB